| 000 | 00463nam a2200157Ia 4500 | ||
|---|---|---|---|
| 008 | 230907s9999||||xx |||||||||||||| ||und|| | ||
| 082 |
_a621.3 _bZUL |
||
| 100 |
_aZulfiqar Ali (00000204649) _9116527 |
||
| 245 | 0 | _aBiomass to Bioenergy : A Market Analysis of Pakistan / | |
| 260 |
_aUSPCAS-E NUST _bIslamabad : _c2020 |
||
| 300 | _axi, 124 p. | ||
| 520 | _aTH-226 | ||
| 650 | _aMS-TEE Thesis MS Thesis | ||
| 700 |
_aDr Rabia Liaquat _928881 |
||
| 942 |
_cTHE _2ddc |
||
| 999 |
_c601905 _d601905 |
||